000
00341nam a22001457a 4500
008
230512b ||||| |||| 00| 0 eng d
020
_a
9780521030793
041
_a
eng
080
_a
34
082
_a
34FAR
100
_a
31
101
_a
JUR
245
_a
EARLY PREVENTION OF ADULT ANTISOCIAL BEHAVIOUR
_c
FARRINGTON.P.D
942
_2
udc
_c
BK
999
_c
59682
_d
59682